000 00213nam a22001217a 4500
040 _cSY
082 _a658
100 _aNA
245 _aMission report.
260 _aFAO
_bNA
_c2010
300 _a50p.
942 _cEB
999 _c8616
_d8616